| 000 | 00454 a2200169 4500 | ||
|---|---|---|---|
| 001 | 066007 | ||
| 003 | OSt | ||
| 005 | 20210907110327.0 | ||
| 008 | |||
| 082 |
_a791.43015082 _bC39F |
||
| 100 | 1 | _aChaudhuri, Sohini | |
| 245 | 1 |
_aFeminist film theorists _cby Sohini Chaudhuri |
|
| 260 |
_aLondon _bRoutledge _c2006 |
||
| 300 | _a148p. | ||
| 690 | _aFeminism and motion pictures; Feminist film criticism | ||
| 942 |
_2ddc _cBK |
||
| 999 |
_c216 _d216 |
||